<?xml version="1.0" encoding="UTF-8"?>
<record
    xmlns:xsi="http://www.w3.org/2001/XMLSchema-instance"
    xsi:schemaLocation="http://www.loc.gov/MARC21/slim http://www.loc.gov/standards/marcxml/schema/MARC21slim.xsd"
    xmlns="http://www.loc.gov/MARC21/slim">

  <leader>02231agaaa2200337   4500</leader>
  <controlfield tag="001">8013</controlfield>
  <controlfield tag="003">IT-RoPAU</controlfield>
  <controlfield tag="005">20220918181254.0</controlfield>
  <controlfield tag="007">d cvaizq</controlfield>
  <controlfield tag="008">50131s9999||||xx ||| |     ||   ||und||</controlfield>
  <datafield tag="040" ind1=" " ind2=" ">
    <subfield code="a">IT-RoPAU</subfield>
    <subfield code="c">IT-RoPAU</subfield>
  </datafield>
  <datafield tag="041" ind1=" " ind2=" ">
    <subfield code="a">ITALIANO</subfield>
  </datafield>
  <datafield tag="100" ind1=" " ind2=" ">
    <subfield code="a">Bergman Ingmar</subfield>
    <subfield code="g">Codice regista SPICS: 9304</subfield>
    <subfield code="9">34076</subfield>
  </datafield>
  <datafield tag="130" ind1=" " ind2=" ">
    <subfield code="a">PERSONA</subfield>
    <subfield code="9">50278</subfield>
  </datafield>
  <datafield tag="240" ind1=" " ind2=" ">
    <subfield code="a">PERSONA</subfield>
    <subfield code="g">T1263</subfield>
  </datafield>
  <datafield tag="245" ind1=" " ind2=" ">
    <subfield code="a">PERSONA</subfield>
    <subfield code="c">Prodotto da: Carlberg Lars-Owe -- Sceneggiatura: Bergman Ingmar -- Diretto da: Bergman Ingmar</subfield>
    <subfield code="p">PERSONA (Rif. Codice opera principale : H8013)</subfield>
  </datafield>
  <datafield tag="246" ind1=" " ind2=" ">
    <subfield code="a">PERSONA</subfield>
  </datafield>
  <datafield tag="250" ind1=" " ind2=" ">
    <subfield code="a">Edizione Standard</subfield>
  </datafield>
  <datafield tag="260" ind1=" " ind2=" ">
    <subfield code="a">(SVEZIA)</subfield>
    <subfield code="b">SVENSK / Distribuzione: CIAK</subfield>
    <subfield code="g">"1966 (1&#xB0; ed.: 2007 ; Ed. Lingua Orig.: 1966)"</subfield>
  </datafield>
  <datafield tag="300" ind1=" " ind2=" ">
    <subfield code="a">DVD</subfield>
    <subfield code="b">sonoro, col.</subfield>
    <subfield code="c">79 minuti</subfield>
  </datafield>
  <datafield tag="508" ind1=" " ind2=" ">
    <subfield code="a">"Fotografia: Nykvist Sven; Montaggio: Ryghe Ulla; Musica: Werle Lars Johan; Sceneggiatura: Bergman Ingmar; Scenografia: Lindstrom Bibi; "</subfield>
  </datafield>
  <datafield tag="511" ind1=" " ind2=" ">
    <subfield code="a">"Ullmann Liv; Andersson Bibi; Bjornstrand Gunnar; Krook Margaretha; Lindstrom Jorgen"</subfield>
  </datafield>
  <datafield tag="520" ind1=" " ind2=" ">
    <subfield code="a">"L'ATTRICE ELISABETH VOGLER, DURANTE UNA RAPPRESENTAZIONE DELL'ELETTRA, HA INTERROTTO LO SPETTACOLO CHIUDENDOSI IN UN MUTISMO IMPRESSIONANTE E OSSESSIVO. VIENE AFFIDATA PER UNA CURA ALL'INFERMIERA ALMA, E LE DUE SI RECANO SOLE IN UN'ISOLA DESERTA. IL FILM NARRA QUESTA LORO COABITAZIONE, GLI SFORZI DI ALMA PER RECUPERARE ELISABETH E LO STRANO FENOMENO DEI TRANSFERT DELLA PERSONALITA' PER CUI ALMA SCOPRE DI AGIRE E DI ASSOMIGLIARE A ELISABETH CHE PERMANE NEL SUO SILENZIO MALGRADO LE PROLUNGATE CONFESSIONI DELL'INFERMIERA.LA VISIONE E' ALQUANTO PESSIMISTA, L'INCOMUNICABILITA' S'AFFERMA CON FORZAE LA PAROLA NULLA CONCLUDE QUESTO, CINEMATOGRAFICAMENTE SUPERBO, MONOLOGO A DUE. CONTENUTI SPECIALI: LIV ULLMANN E GUNNAR BJORNSTRAND PARLANO DI INGMAR BERGMAN; INTERVISTA A PIERA DETASSIS, DIRETTORE DI CIAK."</subfield>
  </datafield>
  <datafield tag="538" ind1=" " ind2=" ">
    <subfield code="a">PAL, STEREO</subfield>
  </datafield>
  <datafield tag="546" ind1=" " ind2=" ">
    <subfield code="a">ITALIANO</subfield>
  </datafield>
  <datafield tag="650" ind1=" " ind2=" ">
    <subfield code="a">DRAMMATICO</subfield>
    <subfield code="e">DVD-FILM [DVD]</subfield>
    <subfield code="x">Codice MATERIA SPICS: 9947</subfield>
    <subfield code="9">50279</subfield>
  </datafield>
  <datafield tag="700" ind1=" " ind2=" ">
    <subfield code="a">Bergman Ingmar </subfield>
    <subfield code="e">(regista)</subfield>
    <subfield code="g">Codice regista SPICS: 9304</subfield>
    <subfield code="9">34076</subfield>
  </datafield>
  <datafield tag="700" ind1=" " ind2=" ">
    <subfield code="a">Bergman Ingmar </subfield>
    <subfield code="e">(soggetto)</subfield>
    <subfield code="g">Codice Soggetto SPICS: 9304</subfield>
    <subfield code="9">50280</subfield>
  </datafield>
  <datafield tag="700" ind1=" " ind2=" ">
    <subfield code="a">Werle Lars Johan</subfield>
    <subfield code="e">(musica)</subfield>
    <subfield code="g">Codice Musica SPICS: 28756</subfield>
    <subfield code="9">50281</subfield>
  </datafield>
  <datafield tag="942" ind1=" " ind2=" ">
    <subfield code="c">DV</subfield>
    <subfield code="2">ddc</subfield>
  </datafield>
  <datafield tag="999" ind1=" " ind2=" ">
    <subfield code="c">107078</subfield>
    <subfield code="d">107078</subfield>
  </datafield>
  <datafield tag="952" ind1=" " ind2=" ">
    <subfield code="0">0</subfield>
    <subfield code="1">0</subfield>
    <subfield code="4">0</subfield>
    <subfield code="6">H_8013_000000000000000</subfield>
    <subfield code="7">1</subfield>
    <subfield code="a">SPICS</subfield>
    <subfield code="b">SPICS</subfield>
    <subfield code="d">2015-01-31</subfield>
    <subfield code="l">0</subfield>
    <subfield code="o">H8013</subfield>
    <subfield code="r">2015-01-31 00:00:00</subfield>
    <subfield code="w">2015-01-31</subfield>
    <subfield code="y">DV</subfield>
    <subfield code="z">Progr. Ins.: 3663 / N.Vol.:1 / Copie: 1 / Pag.:0 / Copia rara: n.d. / date import: 1.2.2015 / By Epidotti, Trombetti, Vaglietti</subfield>
  </datafield>
</record>
